000 00442nam a22001697a 4500
003 OSt
008 200715b ||||| |||| 00| 0 eng d
020 _a9789387397439
082 _a572 AGT
100 _a Agarkar,Padmaja H Kulkarni, Yogesh Rao,Rammohan
245 _aBiochemistry
250 _a2019
260 _aPune
_bNirali Prakashan
_c2019
300 _a1.4
650 _aApplied Biochemistry and clinical chemistry
942 _2ddc
_cBK
999 _c9045
_d9045